Southville International School and Colleges
Your cart is empty.
  • Cart
  • Lists
    Public lists Eva Luna New books Lux_list list_1
    Your lists Log in to create your own lists
  • Log in to your account
  • Your cookies
  • Search history
Southville International School and Colleges
  • Advanced search
  • Recent comments
  • Most popular
  • Libraries

Log in to your account

Log in with GOOGLE


If you do not have an external account, but do have a local account, you can still log in:

  1. Home
  2. MARC view: The power of groups :
Normal view MARC view ISBD view

The power of groups : (Record no. 24544)

[ view plain ]
MARC details
000 -LEADER
fixed length control field 00642nam a2200205 a 4500
005 - DATE AND TIME OF LATEST TRANSACTION
control field 20140310183527.0
008 - FIXED-LENGTH DATA ELEMENTS--GENERAL INFORMATION
fixed length control field 110817s19uu xx 00 eng d
020 ## - INTERNATIONAL STANDARD BOOK NUMBER
International Standard Book Number 9781412970969
050 ## - LIBRARY OF CONGRESS CALL NUMBER
Classification number LB 1027.55
Item number .C68 2009
100 ## - MAIN ENTRY--PERSONAL NAME
Personal name Cooley, Leslie
245 ## - TITLE STATEMENT
Title The power of groups :
Remainder of title solution -focused group counseling in schools /
Statement of responsibility, etc Leslie Cooley.
260 ## - PUBLICATION, DISTRIBUTION, ETC. (IMPRINT)
Place of publication, distribution, etc California :
Name of publisher, distributor, etc Corwin Press,
Date of publication, distribution, etc 2009.
300 ## - PHYSICAL DESCRIPTION
Extent 177 p. :
Dimensions 23 cm.
500 ## - GENERAL NOTE
General note It includes bibliographical reference and index.
521 ## - TARGET AUDIENCE NOTE
Target audience note
650 ## - SUBJECT ADDED ENTRY--TOPICAL TERM
Topical term or geographic name as entry element Group guiadance in education.
650 ## - SUBJECT ADDED ENTRY--TOPICAL TERM
Topical term or geographic name as entry element School psychology.
942 ## - ADDED ENTRY ELEMENTS (KOHA)
Koha item type Books
Source of classification or shelving scheme Library of Congress Classification
Call number prefix Foreign
Holdings
Withdrawn status Lost status Source of classification or shelving scheme Damaged status Home library Current library Shelving location Date acquired Source of acquisition Cost, normal purchase price Total Checkouts Total Renewals Full call number Barcode Date last seen Date checked out Copy number Price effective from Koha item type
    Library of Congress Classification   College Library College Library General Circulation Section 08/17/2011 Donation 2315.00 1 17 LB 1027.55 .C68 2009 C12726 05/15/2018 07/12/2016 1 10/18/2013 Books

The power of groups :

APA

Cooley L., . (2009). The power of groups. California: Corwin Press.

Chicago

Cooley Leslie, . 2009. The power of groups. California: Corwin Press.

Harvard

Cooley L., . (2009). The power of groups. California: Corwin Press.

MLA

Cooley Leslie, . The power of groups. California: Corwin Press. 2009.

  • Place hold
  • Print
  • Cite
  • Add to your cart (remove)
  • Save record
    BIBTEX Dublin Core MARCXML MARC (non-Unicode/MARC-8) MARC (Unicode/UTF-8) MARC (Unicode/UTF-8, Standard) MODS (XML) RIS
  • More searches
    Search for this title in:
    Other Libraries (WorldCat) Other Databases (Google Scholar) Online Stores (Bookfinder.com) Open Library (openlibrary.org)

Exporting to Dublin Core...

SOUTHVILLE LIBRARY

Southville International School and Colleges Library

1281 Tropical Ave. Cor. Luxembourg St., BF Homes International, Las Pinas City

Tel. No. 8256374 / 252358 Loc. 117/146

Powered by Koha